British manufacturing investment overseas (Record no. 12563)
[ view plain ]
| 000 -LEADER | |
|---|---|
| fixed length control field | 01667nam a2200361Ia 4500 |
| 001 - CONTROL NUMBER | |
| control field | 9780203076545 |
| 003 - CONTROL NUMBER IDENTIFIER | |
| control field | BD-DhSAU |
| 005 - DATE AND TIME OF LATEST TRANSACTION | |
| control field | 20151012151719.0 |
| 006 - FIXED-LENGTH DATA ELEMENTS--ADDITIONAL MATERIAL CHARACTERISTICS | |
| fixed length control field | a|||||s||||||||||| |
| 007 - PHYSICAL DESCRIPTION FIXED FIELD--GENERAL INFORMATION | |
| fixed length control field | cr|||| |
| 008 - FIXED-LENGTH DATA ELEMENTS--GENERAL INFORMATION | |
| fixed length control field | 130109r20131935enkad sb 001 0 eng d |
| 020 ## - INTERNATIONAL STANDARD BOOK NUMBER | |
| International Standard Book Number | 9780203076545 (e-book : PDF) |
| 040 ## - CATALOGING SOURCE | |
| Original cataloging agency | BD-DhSAU |
| Transcribing agency | BD-DhSAU |
| 043 ## - GEOGRAPHIC AREA CODE | |
| Geographic area code | e-uk--- |
| 090 ## - LOCALLY ASSIGNED LC-TYPE CALL NUMBER (OCLC); LOCAL CALL NUMBER (OCLC) | |
| Classification number (OCLC) (R) ; Classification number, CALL (RLIN) (NR) | HG4538 |
| Local cutter number (OCLC) ; Book number/undivided call number, CALL (RLIN) | .S54 2013 |
| 092 ## - LOCALLY ASSIGNED DEWEY CALL NUMBER (OCLC) | |
| Classification number | 332.673 |
| Item number | S548 |
| 100 1# - MAIN ENTRY--PERSONAL NAME | |
| Personal name | Shepherd, David, |
| Dates associated with a name | 1952- |
| 245 10 - TITLE STATEMENT | |
| Title | British manufacturing investment overseas |
| Medium | [electronic resource] / |
| Statement of responsibility, etc. | David Shepherd, Aubrey Silberston and Roger Strange. |
| 260 ## - PUBLICATION, DISTRIBUTION, ETC. (IMPRINT) | |
| Place of publication, distribution, etc. | Abingdon, Oxon : |
| Name of publisher, distributor, etc. | Routledge, |
| Date of publication, distribution, etc. | 2013. |
| 300 ## - PHYSICAL DESCRIPTION | |
| Extent | 170 p. : |
| Other physical details | ill. |
| 490 0# - SERIES STATEMENT | |
| Series statement | Routledge library editions. International business ; |
| Volume/sequential designation | v. 35 |
| 500 ## - GENERAL NOTE | |
| General note | First published in 1935 by Methuen. |
| 504 ## - BIBLIOGRAPHY, ETC. NOTE | |
| Bibliography, etc | Includes bibliographical references (p. 163-167) and index. |
| 505 0# - FORMATTED CONTENTS NOTE | |
| Formatted contents note | 1. Preliminary remarks -- 2. Overseas investment : statistical background -- 3. Overseas investment : analytical background -- 4. Historical developments in overseas investment -- 5. The sample of firms -- 6. Why do firms manufacture overseas? : some preliminary evidence -- 7. Why do firms manufacture overseas : evidence from the case studies -- 8. Concluding comments on overseas manufacturing investment. |
| 530 ## - ADDITIONAL PHYSICAL FORM AVAILABLE NOTE | |
| Additional physical form available note | Also available in print edition. |
| 538 ## - SYSTEM DETAILS NOTE | |
| System details note | Mode of access: World Wide Web. |
| 650 #0 - SUBJECT ADDED ENTRY--TOPICAL TERM | |
| Topical term or geographic name as entry element | Investments, British. |
| 655 #7 - INDEX TERM--GENRE/FORM | |
| Genre/form data or focus term | Electronic books. |
| Source of term | lcsh |
| 700 1# - ADDED ENTRY--PERSONAL NAME | |
| Personal name | Silberston, Aubrey. |
| 700 1# - ADDED ENTRY--PERSONAL NAME | |
| Personal name | Strange, Roger. |
| 776 1# - ADDITIONAL PHYSICAL FORM ENTRY | |
| International Standard Book Number | 9780415657761 |
| -- | 9780415630092 (set) |
| 856 40 - ELECTRONIC LOCATION AND ACCESS | |
| Uniform Resource Identifier | <a href="http://www.tandfebooks.com/isbn/9780203076545">http://www.tandfebooks.com/isbn/9780203076545</a> |
No items available.
